| 000 | 00925cam a2200277 a 4500 | ||
|---|---|---|---|
| 001 | 3918 | ||
| 005 | 20250724144052.0 | ||
| 020 | _a9780811834155 | ||
| 040 |
_aDLC _cDLC _dDLC _beng |
||
| 050 | 0 | 0 |
_aPZ8.3.M55166 _b2002 |
| 082 | 0 | 0 | _a759.9492 |
| 100 | 1 | _aMerberg, Julie | |
| 245 | 1 | 0 |
_aIn the garden with Van Gogh / _cJulie Merberg and Suzanne Bober |
| 260 |
_aSan Francisco, California : _bChronicle Books ; _c2002 |
||
| 300 |
_a20 unnumbered pages : _bcolor illustrations ; _c15 cm. |
||
| 500 | _aOn board pages. | ||
| 505 | _aD | ||
| 520 | _aSet against the backdrop of well-known works by the artist, Vincent Van Gogh, rhyming text tells a story from the artwork. | ||
| 521 |
_a160
_bLexile estimate |
||
| 521 |
_aD
_bRaz-Plus |
||
| 650 | 1 |
_aArtists _vFiction. |
|
| 650 | 1 | _aStories in rhyme. | |
| 700 | 1 | _aBober, Suzanne | |
| 906 |
_a7 _bcbc _corignew _d1 _eecip _f20 _gy-gencatlg |
||
| 942 |
_2ddc _cBK _n0 |
||
| 999 |
_c3918 _d3918 |
||